[Event "Bad Zwesten op 17th"]
[Site "Bad Zwesten"]
[Date "2017.01.06"]
[Round "7"]
[White "Wastian, Hans Georg"]
[Black "Moderow, Ramon"]
[Result "1-0"]
[WhiteElo "1811"]
[BlackElo "1448"]
[PlyCount "45"]
[EventDate "2017.01.02"]
[EventType "swiss"]
[EventRounds "7"]
[EventCountry "GER"]
[SourceTitle "CBM 176 Extra"]
[Source "ChessBase"]
[SourceDate "2017.03.02"]
[SourceVersion "1"]
[SourceVersionDate "2017.03.02"]
[SourceQuality "1"]

1. d4 d5 2. c4 c6 3. Nc3 Nf6 4. Nf3 Bf5 5. cxd5 cxd5 6. Qb3 Qd7 7. Ne5 Qc7 8. Bf4 Qb6 9. Qxb6 axb6 10. e3 e6 11. Bb5+ Nbd7 12. h3 Kd8 13. Nxf7+ Ke7 14. Nxh8 Ne4 15. Bxd7 Kxd7 16. Nf7 Rc8 17. Nxe4 Bxe4 18. 0-0 Rc2 19. Ne5+ Ke8 20. Rfc1 Rxc1+ 21. Rxc1 Bd6 22. Rc8+ Ke7 23. Bg5# 1-0

[Event "Bad Zwesten op 17th"]
[Site "Bad Zwesten"]
[Date "2017.01.02"]
[Round "1"]
[White "Wimmer, Thomas"]
[Black "Moderow, Ramon"]
[Result "1-0"]
[WhiteElo "1900"]
[BlackElo "1448"]
[PlyCount "59"]
[EventDate "2017.01.02"]
[EventType "swiss"]
[EventRounds "7"]
[EventCountry "GER"]
[SourceTitle "CBM 176 Extra"]
[Source "ChessBase"]
[SourceDate "2017.03.02"]
[SourceVersion "1"]
[SourceVersionDate "2017.03.02"]
[SourceQuality "1"]

1. d4 d5 2. c4 c6 3. Nc3 Nf6 4. e3 Nbd7 5. Nf3 Nb6 6. c5 Nbd7 7. Bd2 b6 8. b4 Ne4 9. Nxe4 dxe4 10. Ng5 Nf6 11. Qc2 Bf5 12. f3 Qd5 13. Bc4 Qd7 14. Bxf7+ Kd8 15. g4 Bg6 16. Bxg6 hxg6 17. Nf7+ Ke8 18. Nxh8 exf3 19. Qxg6+ Kd8 20. Nf7+ Kc8 21. Ne5 Qc7 22. Rc1 b5 23. g5 Ne4 24. Qxe4 f2+ 25. Kxf2 e6 26. Nxc6 Qd7 27. Ne5 Qc7 28. Qxa8+ Qb8 29. Qxb8+ Kxb8 30. Nd7+ 1-0